Регионална библиотека "Любен Каравелов" - Русе

Мургана - връх и хижа в Стара планина (Запис номер 120285)

MARC детайли
000 -Лидер
Контролно поле с фиксирана дължина 01676nam a2200397 c 4500
003 - Код на организацията, давaща контролен номер
Контролно поле BLK
005 - Дата и час на последна редакция
Контролно поле 20180420231448.0
008 - Елементи от данни с фиксирана дължина
fixed length control field 180409b bul|||||r ||||||| ||bul||
010 ## - Наследен системен номер
LC control number KNG00125901000
040 ## - Източник на каталожния запис
Идентификатор на билиотеката - собственик на записа BLK
041 ## - Код за език
Код за езика на текст/звукозапис или на отделно заглавие Български
Код за езика КДБФ Български
080 ## - УДК
Текстов определител УДК География на България
УДК код - определител по УДК 913(497.2)
УДК определител (234.423.4)(036)
УДК - код + определител 913(497.2)(234.423.4)(036)
100 1# - Редна дума - Автор
Автор Андреев, Александър Харалампиев
Авторска отговорност първи автор
R(LIN) 296534
139 ## - Редно поле
Редна дума Андреев, Александър Харалампиев
Авторски знак Андр - А 66
245 10 - Сведения за заглавието
Заглавие Мургана - връх и хижа в Стара планина
Подзаглавни данни Очерк с турист. маршрути
Редно поле (дума) Александър Харалампиев Андреев.
257 ## - Страна на издаване
Страна на създаване/издаване България
260 ## - Област на издателските данни
-- София
Име на издателя, разпространителя и проч. Медицина и физкултура
Година на издаване 1984
Печатница Пловдив : Д. Благоев
300 ## - Физическа характеристика
Страници 48 с.
Илюстрации и др. с ил., к.
Размери/Мащаб 17 см
380 ## - Жанр
Жанр География
490 1# - СЕРИИ (Колекции)
Име на серия Малка туристическа библиотека
650 #4 - Допълнително описание по предмет – тема
Основно описание – тема или топоним Стара планина - туризъм - България
9 (RLIN) 316613
650 #4 - Допълнително описание по предмет – тема
Основно описание – тема или топоним Хижи - България - справочници
9 (RLIN) 259128
651 #4 - Допълнително описание по предмет - топоним
Географско понятие Мургана
9 (RLIN) 179246
651 #4 - Допълнително описание по предмет - топоним
Географско понятие Стара планина
9 (RLIN) 249743
651 #4 - Допълнително описание по предмет - топоним
Географско понятие България
9 (RLIN) 241624
653 ## - Ключова дума – ненормативна
Ключова дума Мургана
653 ## - Ключова дума – ненормативна
Ключова дума върхове
653 ## - Ключова дума – ненормативна
Ключова дума хижи
653 ## - Ключова дума – ненормативна
Ключова дума туристически маршрути
653 ## - Ключова дума – ненормативна
Ключова дума пътеводители
852 ## - Местоположение
Форматна сигнатура Цб І 21354
856 4# - Електронен адрес и достъп
Електронен формат pdf - файл
Път до файла /url/
856 4# - Електронен адрес и достъп
Електронен формат pdf - файл
Път до файла /url/
942 ## - АРТИКУЛИ
Вид на библиотечния материал Книги
Скрит в OPAC Не
944 ## - СЪЗДАВАНЕ И РЕДАКЦИЯ на ЗАПИСА
Създаване/Редакция Създаване
Дата на регистрацията/редакция 11.10.2011
Статус, дата на статуса 11.10.2011 - от С1,Р / 11.10.2011
Служител, извършил регистрацията/редакцията Виолета_Тройчева
944 ## - СЪЗДАВАНЕ И РЕДАКЦИЯ на ЗАПИСА
Създаване/Редакция Редакция
Дата на регистрацията/редакция 11.10.2011
Статус, дата на статуса 11.10.2011 - от С1,Р / 11.10.2011
Служител, извършил регистрацията/редакцията
999 ## - СИСТЕМНИ КОНТРОЛНИ НОМЕРА
Koha biblionumber 120285
Koha biblioitemnumber 120285
Наличности
Код за отписване Код за изгубен артикул Източник на класификационната схема Код за повреда Коз за рестрикции Код за отдаване Артикулен № Име на библиотеката - собственик Име на библиотеката, в която се намира в момента Статус (Текущо местоположение) Дата на вписване в системата Местоположение - отдел Цена в лева Инвентарен номер Систематично азбучна сигнатура Баркод Номер на екземпляра Цена в евро Служебна бележка Служебен тип на артикула
  Не е изгубен Universal Decimal Classification Не е повреден без рестрикции ползва се в читалня 194254 Регионална библиотека "Любен Каравелов" Русе Регионална библиотека "Любен Каравелов" Русе Хранилище 1984-01-01 Хранилище 0.25 414355 Цб І 21354 120000414355 1 0.13 Дост: Dp Вид: Д N: стар фонд Дата: 01.01.1984 Книги
Изтеглен Не е изгубен Universal Decimal Classification Не е повреден без рестрикции заемане за дома 194255 Регионална библиотека "Любен Каравелов" Русе Регионална библиотека "Любен Каравелов" Русе Заемна - подръчен фонд 1984-01-01 Заемна - подръчен фонд 0.25 415671 П 914.972/А 66 415671 2 0.13 Дост: Pk Вид: Ф N: стар фонд Дата: 01.01.1984 Книги
Vip Innovations Ltd, Rousse, Bulgaria 2025